Vicepresidentes de España - Estadísticas

Estadísticas generales
  • Esta prueba ha sido intentada 76 veces
  • La puntuación promedio es 5 de 13
Estadísticas de respuestas
Año Vicepresidente % Correcto
2011 Soraya Sáenz de Santamaría
81%
2018 Carmen Calvo
77%
2000 Mariano Rajoy
69%
1982 Alfonso Guerra
64%
2010 Alfonso Pérez Rubalcaba
53%
2004 María Teresa Fernández de la Vega
44%
2003 Rodrigo Rato
34%
1991 Narcís Serra
25%
1978 Manuel Gutiérrez Mellado
23%
1996 Álvarez Cascos
22%
2011 Elena Salgado
17%
1981 Rodolfo Martín Villa
9%
1982 Juan Antonio García Díez
8%
No se encontraron pruebas coincidentes
Distribución de puntuación
Porcentaje de gente con cada puntuación
Porcentaje por número respondido
Historial de tus puntuaciones
No has intentado esta prueba.